000 00504nam a22001937a 4500
003 OSt
005 20230215031855.0
008 170425b xxu||||| |||| 00| 0 eng d
020 _a9780194756426
040 _aMMU
_beng
_cMMU
_dMMU
050 _aPE1122 .C37 2011
100 _aNigel A. Caplan
245 _aQ: Skills for success reading/
_cNigel A.Caplan
260 _aNew York:
_bOxford,
_c2011.
300 _axix,277p,;
650 _asuccess
700 _aScott Ray Douglas
942 _2lcc
_cLOAN LOAN
999 _c27095
_d27094